000
00387nam a22001577a 4500
003
MPLRDC
005
20220104114601.0
008
210129b ||||| |||| 00| 0 eng d
082
_a
848.1 YDF-32 v.2
100
_a
郁达夫主编
245
_a
中国文学研究. 下
_c
260
_a
_b
清流出版社
_c
1976
300
_b
精
650
_a
现代别集
942
_c
BK
_o
848.1 YDF-32 v.2
999
_c
8619
_d
8609